01576nkc a2200301 i 450000500170000000700030001700800570002002000180007704000350009504100080013008200210013811000370015924500600019625000220025626400350027830000540031333600560036733700230042333800310044649000550047752005710053252100420110365000330114565000260117865000420120494200130124699900150125920220317001341.0ta210910s2005 ck j s vcspa d spa a9788460582124 aCO-BoRNBPbspacCO-BoRNBPerda aspa04a611.81bD37i2222 aDiscovery Communications919016013aEl increíble cerebro humanocDiscovery Communications aPrimera edición 1aBogotábMS Tv & Videosc2005 a1 DVD (60 minutos)bsonido, color, digitalc12 cm 2rdacontentaimagen bidimensional en movimientobtdi 2rdamediaavideobv 2rdacarrieravideodiscobvd0 aDiscovery Channel. Educación : Estudios sociales aDurante mucho tiempo, el cerebro fue un misterio. En este programa, científicos especializados utilizan sorprendentes tecnologías para revelarnos muchas de aquellas incógnitas. En una masa de tejido del tamaño de un pomelo, el cerebro guarda su infinita capacidad de aprendizaje, funcionando permanentemente, sin cansarse y sin descansar. Se revela los últimos descubrimientos respecto a las conexiones neuronales que moldean nuestra personalidad y nos permiten pensar. El cerebro es el más sagrado de los órganos: el que nos define como seres humanos. aRecomendado a partir de los 12 años17aNeuroanatomíavDVD2ARMARC17aNeuronasvDVD2ARMARC17aCerebroxInvestigacionesvDVD2ARMARC 2ddccDVD c6697d6697